Sarvajanika hanakasu ಸಾರ್ವಜನಿಕ ಹಣಕಾಸು (Record no. 144444)

MARC details
000 -LEADER
fixed length control field 00657nam a2200217Ia 4500
003 - CONTROL NUMBER IDENTIFIER
control field OSt
005 - DATE AND TIME OF LATEST TRANSACTION
control field 20260518152100.0
008 - FIXED-LENGTH DATA ELEMENTS--GENERAL INFORMATION
fixed length control field 210210b1954 xxu||||| |||| 00| 0 eng d
040 ## - CATALOGING SOURCE
Transcribing agency AL
041 ## - LANGUAGE CODE
Language code of text/sound track or separate title Kannada
082 ## - DEWEY DECIMAL CLASSIFICATION NUMBER
Classification number 856/41
100 ## - MAIN ENTRY--PERSONAL NAME
Personal name DSOUZA ಡಿಸೋಜಾ
9 (RLIN) 138953
245 ## - TITLE STATEMENT
Title Sarvajanika hanakasu ಸಾರ್ವಜನಿಕ ಹಣಕಾಸು
260 ## - PUBLICATION, DISTRIBUTION, ETC.
Place of publication, distribution, etc. Maisuru
Name of publisher, distributor, etc. Maisuru Vishvavidyalaya
Date of publication, distribution, etc. 1954
650 ## - SUBJECT ADDED ENTRY--TOPICAL TERM
Topical term or geographic name entry element Disoja
9 (RLIN) 264075
690 ## - LOCAL SUBJECT ADDED ENTRY--TOPICAL TERM (OCLC, RLIN)
Topical term or geographic name as entry element Kannada Miscellaneous
9 (RLIN) 138958
700 ## - ADDED ENTRY--PERSONAL NAME
Personal name SUBBARAV ಸುಬ್ಬರಾವ್
9 (RLIN) 138959
700 ## - ADDED ENTRY--PERSONAL NAME
Personal name PUTTAPPA ಪುಟ್ಟಪ್ಪ
9 (RLIN) 157434
906 ## - LOCAL DATA ELEMENT F, LDF (RLIN)
a 020292
942 ## - ADDED ENTRY ELEMENTS (KOHA)
Source of classification or shelving scheme Dewey Decimal Classification
Koha item type Book
Holdings
Withdrawn status Lost status Source of classification or shelving scheme Damaged status Not for loan Collection code Home library Current library Shelving location Date acquired Cost, normal purchase price Total Checkouts Full call number Barcode Date last seen Price effective from Koha item type
    Dewey Decimal Classification     Economics St Aloysius Library St Aloysius Library   02/17/2021 0.00   856/41 020292 02/17/2021 02/17/2021 Book